[Event "Najdorf Memorial"]
[Site "Warsaw POL"]
[Date "2023.07.15"]
[Round "5.2"]
[White "Cukrowski, Filip"]
[Black "Yezhel, Valiantsin"]
[Result "1/2-1/2"]
[WhiteElo "2378"]
[BlackElo "2284"]

1. e4 c5 2. Nf3 g6 3. d4 cxd4 4. Nxd4 Bg7 5. c4 Nc6 6. Be3 Nf6 7. Nc3 O-O
8. Be2 d6 9. O-O Bd7 10. h3 Nxd4 11. Bxd4 Bc6 12. Qd3 a5 13. Rad1 Nd7 14.
Bxg7 Kxg7 15. Bg4 Nc5 16. Qd4+ e5 17. Qxd6 Qxd6 18. Rxd6 Rfd8 19. Rfd1 Rxd6
20. Rxd6 Nxe4 21. Nxe4 Bxe4 22. Rd7 Bc6 23. Rc7 Rd8 24. Be6 Rd1+ 25. Kh2
Kf6 26. Bxf7 Rd2 27. Bg8 e4 28. Rf7+ Ke5 29. Bxh7 e3 30. Re7+ Kf6 31. Rxe3
Rxf2 32. Rg3 g5 1/2-1/2

[Event "Najdorf Memorial"]
[Site "Warsaw POL"]
[Date "2023.07.15"]
[Round "5.3"]
[White "Kaczmarek, Aleksander"]
[Black "Tomczak, Jacek"]
[Result "0-1"]
[WhiteElo "2313"]
[BlackElo "2606"]

1. e4 c5 2. Nf3 e6 3. b4 cxb4 4. d4 Nf6 5. Bd3 Be7 6. O-O d6 7. Bb2 O-O 8.
c4 Nfd7 9. a3 Nc6 10. axb4 Nxb4 11. Be2 d5 12. Nc3 Nf6 13. e5 Nd7 14. Nd2
dxc4 15. Nxc4 Nb6 16. f4 Nxc4 17. Bxc4 Nc2 18. Ne4 Nxa1 19. Bxa1 b5 20. Bd3
Bb7 21. Qh5 Bxe4 22. Bxe4 g6 23. Qh6 Rc8 24. h4 Re8 25. f5 exf5 26. Bf3
Bxh4 27. Qe3 Bg5 28. Qb3 Rc1 29. Bb2 Rxf1+ 30. Kxf1 Qc7 31. Bd5 Bc1 32. Bc3
Be3 33. Ke2 f4 34. e6 fxe6 35. Bxe6+ Kg7 36. d5+ Kh6 37. Kf3 Qc4 38. Qxc4
bxc4 39. Ke4 Kg5 40. Ke5 f3 41. gxf3 Bf4+ 42. Kd4 Bd6 43. Kxc4 Kf4 44. Kb5
Rxe6 45. dxe6 Kf5 46. Bd4 Kxe6 47. Bxa7 h5 48. Bf2 g5 49. f4 Bxf4 50. Kc4
h4 0-1

[Event "Najdorf Memorial"]
[Site "Warsaw POL"]
[Date "2023.07.15"]
[Round "5.4"]
[White "Chomczyk, Marek"]
[Black "Rozentalis, Eduardas"]
[Result "1/2-1/2"]
[WhiteElo "2277"]
[BlackElo "2496"]

1. c4 e6 2. g3 Nf6 3. Bg2 d5 4. Nf3 dxc4 5. Qa4+ Bd7 6. Qxc4 c5 7. Ne5 Qc8
8. O-O Nc6 9. Nxd7 Qxd7 10. Nc3 Rc8 11. d3 Be7 12. Qa4 O-O 13. Bd2 Rfd8 14.
Rfd1 h6 15. Rac1 b6 16. a3 Nd4 17. Qxd7 Rxd7 18. Be1 Rcd8 19. Rb1 Nc2 20.
Bd2 c4 21. Bc6 Rc7 22. Bb5 cxd3 23. Bxd3 Nd4 24. Be3 Rcd7 1/2-1/2

[Event "Najdorf Memorial"]
[Site "Warsaw POL"]
[Date "2023.07.15"]
[Round "5.5"]
[White "Janeczko, Jakub"]
[Black "Langheinrich, Ferenc"]
[Result "1/2-1/2"]
[WhiteElo "2085"]
[BlackElo "2385"]

1. e4 d5 2. exd5 Qxd5 3. Nc3 Qd8 4. d4 Nf6 5. Bc4 a6 6. Nf3 e6 7. Qe2 Be7
8. g4 b5 9. Bb3 Bb7 10. g5 Nd5 11. Ne4 Nd7 12. Bd2 c5 13. dxc5 Nxc5 14.
Nxc5 Bxc5 15. O-O-O Qc7 16. Ne5 O-O-O 17. Rhe1 Rhe8 18. f4 f6 19. gxf6 gxf6
20. Nd3 Bd6 21. f5 e5 22. Nf2 Kb8 23. Ne4 Nf4 24. Qf1 Be7 25. Kb1 Rd4 26.
Bxf4 Rxd1+ 27. Rxd1 Bxe4 28. Be3 Bc5 29. Bxc5 Qxc5 30. Re1 Bc6 31. Qg1 Qxg1
32. Rxg1 Bd7 33. Rf1 Re7 34. Kc1 Rg7 35. Rf2 Kc7 36. c3 Kd6 37. Kd2 e4 38.
Ke3 Ke5 39. Rd2 Kxf5 40. Rd5+ Kg6 41. Rd6 Re7 42. Rxa6 Bg4 43. a4 bxa4 44.
Bxa4 Kg7 45. b4 f5 46. Bc6 h5 1/2-1/2

[Event "Najdorf Memorial"]
[Site "Warsaw POL"]
[Date "2023.07.15"]
[Round "5.6"]
[White "Jakubowski, Krzysztof"]
[Black "Kowalczyk, Rafal"]
[Result "1-0"]
[WhiteElo "2486"]
[BlackElo "2173"]

1. Nf3 Nf6 2. g3 d5 3. Bg2 e6 4. O-O Be7 5. d4 b5 6. Bf4 c5 7. dxc5 Bxc5 8.
Nc3 b4 9. Nb5 Na6 10. c4 Bb7 11. Ne5 O-O 12. Nd3 Be7 13. Qa4 Nd7 14. cxd5
Nb6 15. Qa5 Nxd5 16. Qxd8 Rfxd8 17. Rfc1 Nxf4 18. gxf4 Bxg2 19. Kxg2 Rd7
20. Rc6 Rb7 21. Rxa6 Rxb5 22. Rc1 Rb7 23. b3 g5 24. fxg5 Bxg5 25. Rc4 Be7
26. f4 Rd8 27. Ra5 f6 28. Ra4 Kf7 29. Kf3 Rdb8 30. Ra6 Bf8 31. Rcc6 Re7 32.
Ra4 Rd7 33. Raa6 Re7 34. Nc5 Rbe8 35. h3 Bg7 36. e4 h5 37. Ke2 f5 38. Kd3
Rd8+ 39. Kc4 Rd4+ 40. Kb5 fxe4 41. Nxe6 e3 42. Ng5+ Ke8 43. Ne6 Rd5+ 44.
Kc4 e2 45. Nxg7+ Kf7 46. Rg6 Re3 47. Raf6+ Ke7 48. Re6+ 1-0

[Event "Najdorf Memorial"]
[Site "Warsaw POL"]
[Date "2023.07.15"]
[Round "5.7"]
[White "Zubova, Mariya"]
[Black "Gagare, Shardul"]
[Result "1/2-1/2"]
[WhiteElo "2163"]
[BlackElo "2480"]

1. e4 e5 2. Nf3 Nc6 3. Bb5 a6 4. Ba4 Nf6 5. O-O Be7 6. Re1 b5 7. Bb3 O-O 8.
h3 Bb7 9. Nc3 d6 10. a3 Na5 11. Ba2 c5 12. d3 h6 13. Ne2 Re8 14. Ng3 Bf8
15. Bd2 Nc6 16. Nh2 Bc8 17. Ng4 Be6 18. Nf5 Nh7 19. c3 h5 20. Nh2 g6 21.
Ne3 Bxa2 22. Rxa2 Ng5 23. Nd5 Ne6 24. a4 Bg7 25. Nf1 Qb8 26. Nfe3 Ra7 27.
Qf3 Ng5 28. Qg3 Nh7 29. Rea1 b4 30. a5 Rb7 31. Nc4 bxc3 32. bxc3 Ne7 33.
Ndb6 Qc7 34. Rb1 Qc6 35. Rab2 Nf8 36. Bg5 f6 37. Bd2 Reb8 38. Ne3 Kf7 39.
Qf3 Nd7 40. Nec4 Kg8 41. Nxd7 Qxd7 42. Rxb7 Rxb7 43. Rxb7 Qxb7 44. Nxd6
Qb1+ 45. Kh2 Qa2 46. Qe3 Qxa5 47. Nb7 Qb6 48. Nxc5 Bh6 49. Qxh6 Qxc5 50. c4
1/2-1/2

[Event "Najdorf Memorial"]
[Site "Warsaw POL"]
[Date "2023.07.15"]
[Round "5.8"]
[White "Sengupta, Deep"]
[Black "Wiech, Grzegorz"]
[Result "1-0"]
[WhiteElo "2456"]
[BlackElo "2140"]

1. d4 Nf6 2. Nf3 e6 3. Bf4 c5 4. e3 Be7 5. dxc5 Bxc5 6. a3 d5 7. c4 O-O 8.
Nc3 Nc6 9. Qc2 Qa5 10. Rd1 Ne4 11. cxd5 Nxc3 12. bxc3 exd5 13. Rxd5 Be6 14.
Ng5 g6 15. Nxe6 fxe6 16. Rd2 Qxa3 17. Bc4 Kg7 18. O-O e5 19. Rd7+ Be7 20.
Bg3 Qc5 21. Qe4 Kh8 22. Rxb7 Bf6 23. Bd5 Rac8 24. Be6 Rce8 25. Bd7 Na5 26.
Rb5 Qxc3 27. Bxe8 Rxe8 28. Qd5 Rd8 29. Qxd8+ Bxd8 30. Bxe5+ 1-0

[Event "Najdorf Memorial"]
[Site "Warsaw POL"]
[Date "2023.07.15"]
[Round "5.9"]
[White "Jarmula, Lukasz"]
[Black "Jarzebowski, Kacper"]
[Result "1/2-1/2"]
[WhiteElo "2435"]
[BlackElo "2134"]

1. Nf3 Nf6 2. e3 g6 3. b4 Bg7 4. Bb2 O-O 5. Be2 d6 6. O-O e5 7. d3 Qe7 8.
c4 a5 9. b5 Nbd7 10. Nc3 Nc5 11. Rc1 Re8 12. d4 exd4 13. exd4 Nce4 14. Bd3
Bf5 15. Re1 Qd7 16. Qc2 Nxc3 17. Bxf5 Qxf5 18. Qxf5 Rxe1+ 19. Rxe1 gxf5 20.
Bxc3 Ne4 21. Ba1 Bf6 22. g3 Kg7 23. Re2 Rd8 24. Nh4 Bxh4 25. gxh4 d5 26. c5
Re8 27. Bc3 b6 28. f3 Nf6 29. Rg2+ Kf8 30. Bd2 Re6 31. Kf2 bxc5 32. dxc5 d4
33. Bxa5 Nd5 34. Kg1 Nc3 35. b6 cxb6 36. cxb6 Re1+ 37. Kf2 Rb1 38. a3 Nd5
39. Rg5 Rb2+ 40. Kg3 Nxb6 41. Bb4+ Ke8 42. Rxf5 d3 43. Rf4 Nd5 44. Re4+ Kd7
45. Rd4 Ke6 46. Bf8 Rb3 47. a4 Ke5 48. Re4+ Kf5 49. Bh6 Ra3 50. h5 Nf6 51.
Rh4 Ra2 52. Rf4+ Ke6 53. Rd4 Nxh5+ 54. Kh3 Ra3 55. Bf8 Ra2 56. Bh6 Ra3 57.
Bd2 Nf6 58. a5 Nd5 59. f4 f5 60. Kh4 Nf6 61. Bb4 Ra4 62. Rd6+ Kf7 63. Bd2
Ra3 64. Bb4 Ra4 65. Bd2 Ne4 66. Rxd3 Nxd2 67. Rxd2 Rxf4+ 68. Kg5 Ra4 69.
Rd7+ Ke6 70. Ra7 h6+ 71. Kh5 f4 72. Kg4 h5+ 73. Kf3 Kf5 74. Rf7+ Kg6 75.
Ra7 Kf5 76. a6 Ra3+ 1/2-1/2

[Event "Najdorf Memorial"]
[Site "Warsaw POL"]
[Date "2023.07.15"]
[Round "5.10"]
[White "Padalka, Artem"]
[Black "Romanishin, Oleg M"]
[Result "1/2-1/2"]
[WhiteElo "2158"]
[BlackElo "2389"]

1. Nc3 d5 2. d4 Nf6 3. Bf4 c6 4. e3 g6 5. Be2 Bg7 6. Nf3 O-O 7. Ne5 Nbd7 8.
Bf3 a5 9. O-O Nb6 10. e4 dxe4 11. Nxe4 Nfd5 12. Bg3 f6 13. Nd3 f5 14. Nec5
Bxd4 15. Qe2 f4 16. Ne6 Bxe6 17. Qxe6+ Kh8 18. Bh4 Qd6 19. Qe4 Bf6 20.
Bxf6+ exf6 21. c4 f5 22. Qd4+ Qf6 23. Ne5 Nxc4 24. Nxg6+ hxg6 25. Qxc4 b5
26. Qc5 Rad8 27. Rac1 Nb4 28. Qb6 Rd6 29. Qxa5 Nd3 30. Rcd1 Ne5 31. Qc3
Rfd8 32. Rxd6 Rxd6 33. Re1 Nxf3+ 34. Qxf3 Re6 35. Rd1 Rd6 36. Re1 Re6 37.
Rd1 Rd6 38. Re1 1/2-1/2

[Event "Najdorf Memorial"]
[Site "Warsaw POL"]
[Date "2023.07.15"]
[Round "5.12"]
[White "Rozycki, Bartlomiej"]
[Black "Mis, Mieszko"]
[Result "1-0"]
[WhiteElo "2135"]
[BlackElo "2350"]

1. d4 g6 2. c4 Bg7 3. Nc3 c5 4. d5 Bxc3+ 5. bxc3 e5 6. e4 d6 7. Bd3 Nd7 8.
Ne2 Qe7 9. Ng3 Kd8 10. h4 h5 11. Bg5 f6 12. Be3 Nh6 13. f3 Kc7 14. Qd2 Nf7
15. O-O-O b6 16. Kb1 Ba6 17. Ka1 Nd8 18. Nf1 Nb7 19. g4 Rag8 20. Ng3 Nf8
21. gxh5 gxh5 22. Nf5 Qd7 23. Rdg1 Na5 24. Bh6 Bxc4 25. Bg7 Rh7 26. Bxf6
Rg6 27. Bg5 Qa4 28. Bxc4 Nxc4 29. Qe2 Kd7 30. Rg2 b5 31. Rhg1 Rh8 32. f4
exf4 33. Bxf4 Qa3 34. Qc2 Rhg8 35. Bg5 Nh7 36. Ne7 Ne3 37. Qd3 Nxg5 38.
Nxg6 Nxg2 39. Qxb5+ Kd8 40. Qb8+ Kd7 41. Qb7+ Kd8 42. Qa8+ Kc7 43. Qc6+ Kd8
44. Qxd6+ Kc8 45. Ne7+ Kb7 46. Rb1+ Qb2+ 47. Rxb2+ Ka8 48. Qc6# 1-0

[Event "Najdorf Memorial"]
[Site "Warsaw POL"]
[Date "2023.07.15"]
[Round "5.13"]
[White "Cherniaiev, Tykhon"]
[Black "Korbal, Arkadiusz"]
[Result "1/2-1/2"]
[WhiteElo "2331"]
[BlackElo "2080"]

1. Nf3 d5 2. d4 Nf6 3. c4 c6 4. e3 Bf5 5. Bd3 Bg6 6. O-O Nbd7 7. Nc3 e6 8.
a3 Bd6 9. Re1 Ne4 10. cxd5 exd5 11. Bxe4 dxe4 12. Nd2 Nf6 13. b4 O-O 14.
Bb2 Re8 15. h3 Rc8 16. Qb3 Bf5 17. Rad1 Qd7 18. Nc4 Be6 19. d5 cxd5 20.
Nxd6 Qxd6 21. Rd4 Qe7 22. Red1 Rc6 23. Ne2 Rec8 24. Nf4 h6 25. R4d2 Nd7 26.
b5 Rc4 27. Nxd5 Qg5 28. Nf4 Nc5 29. Qa2 Nd3 30. Nxe6 fxe6 31. a4 a6 32.
bxa6 bxa6 33. Qb3 Qd5 34. f3 Rc1 35. Qxd5 Rxd1+ 36. Rxd1 exd5 37. Bd4 Rc1
38. Rxc1 Nxc1 39. fxe4 dxe4 40. Kf2 Kf7 41. Ke1 Nb3 42. Bc3 g6 43. Bb4 Ke6
44. Bf8 h5 45. Kf2 Nd2 46. Kg3 Kf5 47. Kh4 Nc4 48. g4+ hxg4 49. hxg4+ Ke6
50. Bc5 Ne5 51. Kg5 Kd5 52. Bb6 Ke6 53. Bd4 Nf3+ 54. Kf4 Kd5 55. Ba7 Ne5
56. Kg5 Ke6 57. Kf4 Kd5 58. Kg5 Ke6 59. Kf4 1/2-1/2

[Event "Najdorf Memorial"]
[Site "Warsaw POL"]
[Date "2023.07.15"]
[Round "5.14"]
[White "Zheng, Harry Z"]
[Black "Sriram, Jha"]
[Result "0-1"]
[WhiteElo "2063"]
[BlackElo "2315"]

1. e4 e5 2. Nf3 Nc6 3. Bb5 a6 4. Ba4 Nf6 5. d3 d6 6. c3 g6 7. O-O Bg7 8.
Nbd2 O-O 9. Re1 Re8 10. Nf1 h6 11. Ng3 b5 12. Bc2 d5 13. a4 Bb7 14. axb5
axb5 15. Rxa8 Qxa8 16. Be3 dxe4 17. dxe4 Qa2 18. Qb1 Qxb1 19. Rxb1 Bf8 20.
b4 Ra8 21. Bc1 Ne8 22. h4 h5 23. Be3 Nd6 24. Bc5 Ra3 25. Rb3 Ra1+ 26. Rb1
Ra3 27. Rb3 Ra2 28. Bd3 Nc4 29. Bxf8 Kxf8 30. Rb1 Na3 31. Rd1 Bc8 32. Nd2
Bg4 33. f3 Be6 34. Ngf1 Ne7 35. Ne3 c6 36. Kf1 f5 37. g3 Kf7 38. Ke1 Kf6
39. Rc1 f4 40. gxf4 exf4 41. Nd1 Nc4 42. Bxc4 bxc4 43. Nf2 Nc8 44. Ke2 Nd6
45. Rg1 Nf7 46. Rg2 Ne5 47. Kd1 Rxd2+ 48. Kxd2 Nxf3+ 49. Ke2 Nxh4 50. Rh2
g5 51. Nh3 Bxh3 52. Rxh3 Ke5 53. Rh1 Kxe4 54. Rd1 Nf5 55. Rd8 f3+ 56. Kf2
g4 57. Re8+ Kf4 58. Rf8 g3+ 59. Kf1 h4 60. Kg1 h3 61. b5 cxb5 62. Kh1 b4
0-1

[Event "Najdorf Memorial"]
[Site "Warsaw POL"]
[Date "2023.07.15"]
[Round "5.15"]
[White "Karpus, Michal"]
[Black "Markuszewski, Maksymilian"]
[Result "1-0"]
[WhiteElo "2212"]
[BlackElo "2039"]

1. e4 c5 2. Nc3 d6 3. d4 cxd4 4. Qxd4 Nc6 5. Qd2 g6 6. b3 Bh6 7. f4 Nf6 8.
Bb2 O-O 9. O-O-O e5 10. g3 Re8 11. Bd3 Bg4 12. Nge2 exf4 13. gxf4 Bxe2 14.
Nxe2 Nxe4 15. Bxe4 Rxe4 16. Qc3 Ne5 17. Kb1 Rxe2 18. fxe5 Rxe5 19. Qh3 Bg7
20. Bxe5 Bxe5 21. Qf3 Qc7 22. h4 Rc8 23. c4 b5 24. Rc1 Qb6 25. cxb5 Rxc1+
26. Rxc1 Qd4 27. Kc2 Qxh4 28. Rf1 Qe7 29. a4 Kg7 30. Qd5 Bf6 31. Kd3 Qc7
32. Qc6 Qe7 33. a5 Qe5 34. Rxf6 1-0

[Event "Najdorf Memorial"]
[Site "Warsaw POL"]
[Date "2023.07.15"]
[Round "5.16"]
[White "Wojtaszewski, Piotr"]
[Black "Fiszer, Bartosz"]
[Result "0-1"]
[WhiteElo "1994"]
[BlackElo "2194"]

1. c4 Nf6 2. g3 g6 3. Bg2 Bg7 4. e4 d6 5. Ne2 c5 6. Nbc3 Nc6 7. d3 a6 8.
O-O O-O 9. h3 Rb8 10. Be3 b5 11. Rb1 b4 12. Nd5 Nd7 13. Bc1 e6 14. Ne3 Qa5
15. b3 Qxa2 16. Bb2 Bxb2 17. Qc2 Nd4 18. Rxb2 Nxc2 19. Rxa2 Nd4 20. Rb1
Nxe2+ 21. Rxe2 Ne5 22. Nc2 Nc6 23. f4 e5 24. f5 a5 25. Ra1 Ra8 26. Ne3 Nd4
27. Rb2 Ra7 28. Nc2 Nxc2 29. Rxc2 Bd7 30. Rca2 Rfa8 31. Bf3 a4 32. fxg6
axb3 33. gxf7+ Kxf7 34. Bh5+ Ke7 35. Rxa7 Rxa7 36. Rb1 Ra3 37. Kf2 Ra2+ 38.
Ke3 b2 39. Be2 Bxh3 40. g4 Kf6 41. Kf3 Kg5 42. Kg3 Bxg4 43. Bxg4 Ra1 44.
Rxb2 Rg1+ 45. Kf3 Rxg4 46. Ra2 Rf4+ 47. Ke3 h5 48. Ra8 Rf6 0-1

[Event "Najdorf Memorial"]
[Site "Warsaw POL"]
[Date "2023.07.15"]
[Round "5.17"]
[White "Zdybel, Przemyslaw"]
[Black "Tsiapko, Andrii"]
[Result "1/2-1/2"]
[WhiteElo "2188"]
[BlackElo "1996"]

1. d4 d5 2. c4 e6 3. Nc3 Nf6 4. cxd5 exd5 5. Bg5 Be7 6. e3 c6 7. Bd3 Nbd7
8. Nf3 Nh5 9. Bxe7 Qxe7 10. O-O O-O 11. Qb1 g6 12. b4 Nb6 13. b5 Ng7 14.
bxc6 bxc6 15. Qc1 Bf5 16. Ba6 Bc8 17. Bd3 Bf5 18. Ba6 Bc8 19. Be2 Bg4 20.
a4 Bxf3 21. Bxf3 a5 22. Be2 Nf5 23. Bd3 Nd6 24. Nb1 Rfc8 25. Nd2 f5 26. Qa3
Kf8 27. Rfc1 Ne4 28. Nf3 Qxa3 29. Rxa3 c5 30. Rb1 Rab8 31. Ba6 Nd7 32. Rc1
Rc7 33. dxc5 Rxc5 34. Rf1 Rc3 35. Ra2 Rb4 36. Bb5 Ke7 37. Nd4 Kd6 38. Rd1
Nb6 39. Nc2 Rbb3 40. Nd4 Ra3 41. Rb2 Nxa4 42. Bxa4 Rxa4 43. f3 Rxe3 44.
fxe4 fxe4 45. Kf2 Rd3 46. Rxd3 exd3 47. Ke3 Kc5 48. Nb3+ Kc4 49. Kd2 Ra3
50. Nc1 a4 51. Rb7 h5 52. Rg7 Kd4 53. Rf7 g5 54. Rf3 Rc3 55. Nxd3 a3 56.
Ne1 Rxf3 57. Nxf3+ Kc4 58. Kc2 g4 59. Nd2+ Kd4 60. Nf1 h4 61. h3 gxh3 62.
gxh3 Ke4 63. Kb3 Kf3 64. Kxa3 Ke2 65. Nh2 d4 66. Ng4 d3 67. Nf6 d2 68. Ne4
d1=Q 69. Nc3+ Kd2 70. Nxd1 Kxd1 71. Kb3 Ke2 72. Kc2 Kf3 73. Kd2 Kg3 74. Ke2
Kg2 75. Ke1 Kxh3 1/2-1/2

[Event "Najdorf Memorial"]
[Site "Warsaw POL"]
[Date "2023.07.15"]
[Round "5.18"]
[White "Lisowski, Krzysztof"]
[Black "Podgorski, Maciej"]
[Result "1-0"]
[WhiteElo "2128"]
[BlackElo "1960"]

1. e4 e5 2. Nf3 Nc6 3. Bc4 Bc5 4. c3 Nf6 5. d3 O-O 6. Nbd2 d6 7. Bb3 a6 8.
Nf1 Be6 9. Bc2 d5 10. exd5 Bxd5 11. Ng3 Re8 12. O-O Qd7 13. h3 h6 14. a4 a5
15. Re1 Rad8 16. Nd2 Ba7 17. b3 Nh7 18. Qh5 Re6 19. Nc4 Rg6 20. d4 Rxg3 21.
fxg3 exd4 22. Kh2 Nf6 23. Qh4 Bxc4 24. bxc4 d3 25. Bxh6 Qf5 26. Rf1 Qg6 27.
Bb3 Ne5 28. Bg5 Rd6 29. c5 Bxc5 30. Rae1 Ned7 31. Re7 Nf8 32. Bxf7+ Qxf7
33. Rxf7 Kxf7 34. Bxf6 gxf6 35. Qh5+ Kg7 36. Qxc5 Ne6 37. Qf5 Ng5 38. Rd1
Nf7 39. Rxd3 1-0

[Event "Najdorf Memorial"]
[Site "Warsaw POL"]
[Date "2023.07.15"]
[Round "5.19"]
[White "Deszczynski, Adam"]
[Black "Majocha, Piotr"]
[Result "1-0"]
[WhiteElo "2321"]
[BlackElo "1979"]

1. d4 Nf6 2. c4 e6 3. Nf3 d5 4. g3 Be7 5. Bg2 O-O 6. O-O dxc4 7. Qc2 b5 8.
a4 b4 9. Nbd2 Bb7 10. Nxc4 Be4 11. Qd1 c5 12. dxc5 Bxc5 13. Bg5 Nbd7 14.
Rc1 h6 15. Bf4 Qe7 16. Bd6 Bxd6 17. Qxd6 Rfe8 18. Qxe7 Rxe7 19. Nd6 Bd5 20.
a5 Ne4 21. Nxe4 Bxe4 22. Rc7 Kf8 23. Rfc1 Nf6 24. Ne5 Bxg2 25. Kxg2 Nd5 26.
R7c5 a6 27. e4 Nf6 28. Kf3 g6 29. Rc8+ Rxc8 30. Rxc8+ Kg7 31. Rc6 Rb7 32.
Rb6 Rc7 33. Rc6 Rb7 34. Ke3 Rb5 35. f4 Rxa5 36. Rc7 Kg8 37. Rc8+ Kg7 38.
Rc7 Kg8 39. Nxf7 Ng4+ 40. Kd2 Nxh2 41. Nxh6+ Kf8 42. g4 g5 43. f5 exf5 44.
gxf5 Re5 45. Ke3 g4 46. Rf7+ Ke8 47. Rg7 g3 48. Kf4 Re7 49. f6 1-0

[Event "Najdorf Memorial"]
[Site "Warsaw POL"]
[Date "2023.07.15"]
[Round "5.20"]
[White "Minald, Andrey"]
[Black "Ladan, Nicholas"]
[Result "0-1"]
[WhiteElo "2091"]
[BlackElo "2260"]

1. d4 d5 2. c4 e6 3. Nc3 Nf6 4. Nf3 a6 5. cxd5 exd5 6. Bg5 Be6 7. e3 Nbd7
8. Be2 Bd6 9. O-O O-O 10. a3 c6 11. Qc2 Qc7 12. Bh4 Rfe8 13. Bg3 Bxg3 14.
hxg3 Rac8 15. Rac1 g6 16. Bd3 Qd6 17. Na4 a5 18. Nc5 b6 19. Nxd7 Nxd7 20.
Rfe1 c5 21. Bb5 Bf5 22. Qa4 c4 23. Rc3 Red8 24. Rec1 Nf6 25. Nd2 Ng4 26. b3
Qf6 27. f3 Nxe3 28. Rxe3 Qxd4 29. Nf1 Qb2 30. Rec3 cxb3 31. Rxc8 Rxc8 32.
Rxc8+ Bxc8 33. Bd3 Qc3 34. Bb1 Ba6 35. Qf4 Qe1 36. Qb8+ Kg7 37. Kh2 Bxf1
38. Qxb6 Qd2 39. Qg1 Qh6# 0-1

[Event "Najdorf Memorial"]
[Site "Warsaw POL"]
[Date "2023.07.15"]
[Round "5.21"]
[White "Taranowicz, Michal"]
[Black "Kovalevsky, Stanislav"]
[Result "1-0"]
[WhiteElo "2005"]
[BlackElo "2226"]

1. e4 c6 2. Nf3 d5 3. Nc3 dxe4 4. Nxe4 Nf6 5. Qe2 Nxe4 6. Qxe4 Nd7 7. d4 g6
8. Be2 Bg7 9. O-O O-O 10. h3 Re8 11. Re1 a5 12. a4 Nf6 13. Qh4 Bf5 14. c3
Qb6 15. Bc4 Bc2 16. b3 Nd5 17. Ra2 Bf5 18. g4 Bd7 19. Ng5 h6 20. Ne4 g5 21.
Qh5 e6 22. h4 f6 23. hxg5 fxg5 24. f4 Nxc3 25. Nxc3 Qxd4+ 26. Re3 gxf4 27.
Ne2 Qd1+ 28. Kg2 fxe3 29. Bxe3 Rf8 30. Nf4 Qb1 31. Re2 Qe4+ 32. Kg3 Be5 33.
Qxh6 Rf6 34. Qg5+ Rg6 35. Qe7 Rf8 36. Qxf8+ Kxf8 37. Bc5+ Kg7 38. Rxe4
Bxf4+ 39. Kxf4 b5 40. Be2 Kf6 41. Re5 Rg8 42. g5+ Kf7 43. Bh5+ Kg7 44. Be7
Rb8 45. Bf6+ Kh7 46. Bf7 bxa4 47. g6+ Kh6 48. g7 1-0

[Event "Najdorf Memorial"]
[Site "Warsaw POL"]
[Date "2023.07.15"]
[Round "5.22"]
[White "Zhuk, Ivan"]
[Black "Mulawa, Cyprian"]
[Result "0-1"]
[WhiteElo "2017"]
[BlackElo "2202"]

1. e4 c6 2. d4 d5 3. e5 Bf5 4. Bd3 Bxd3 5. Qxd3 e6 6. Nf3 Nd7 7. O-O Ne7 8.
Bg5 Qb6 9. c4 Qa6 10. Nbd2 Nf5 11. a3 h6 12. Be3 dxc4 13. Nxc4 Nb6 14. Rac1
Rd8 15. Qb3 Be7 16. Ncd2 Nd5 17. Ne4 Qb6 18. Qd3 O-O 19. Bd2 a5 20. Qc4 Rd7
21. Nc5 Bxc5 22. dxc5 Qc7 23. Qa4 Ra8 24. b4 Nde7 25. bxa5 Ng6 26. Bc3 Rd5
27. Qb4 Qe7 28. Ba1 Rad8 29. h3 R8d7 30. Bb2 Rd3 31. Rc3 Rxc3 32. Bxc3 Rd5
33. Rb1 Rxc5 34. a4 Nf4 35. Qxf4 Rxc3 36. a6 bxa6 37. g4 Qa3 38. Nd2 Rc1+
39. Kh2 Rxb1 40. Nxb1 Qb2 41. gxf5 Qxb1 42. fxe6 fxe6 43. Qd4 Qb3 44. Qd7
Qd5 45. Qc8+ Kh7 46. Qxa6 Qxe5+ 47. Kg1 Qe4 48. a5 c5 49. f3 Qd5 50. Qb5
Qd4+ 51. Kf1 c4 52. Qb1+ Kg8 53. Qe4 Qd1+ 54. Kf2 Qd2+ 55. Qe2 Qd4+ 56. Qe3
Qb2+ 57. Ke1 e5 58. Qb6 Qc1+ 59. Ke2 Qc2+ 60. Ke1 c3 61. Qe6+ Kh7 62. Qd5
Qb1+ 63. Ke2 Qb2+ 64. Ke3 c2 65. Qd3+ Kg8 66. Qd5+ Kf8 67. Qc5+ Kf7 68.
Qc4+ Ke7 69. Qc7+ Kf6 70. Qc6+ Kg5 71. h4+ Kh5 72. Qe8+ g6 0-1

[Event "Najdorf Memorial"]
[Site "Warsaw POL"]
[Date "2023.07.15"]
[Round "5.23"]
[White "Kazmierowski, Tymon"]
[Black "Praczukowski, Stanislaw"]
[Result "1-0"]
[WhiteElo "1993"]
[BlackElo "2147"]

1. e4 c6 2. d4 d5 3. Nc3 dxe4 4. Nxe4 Nf6 5. Nxf6+ exf6 6. Be3 Bd6 7. Bd3
Na6 8. a3 Nc7 9. c4 O-O 10. Ne2 Re8 11. O-O Bg4 12. Qc2 g6 13. h3 Bxe2 14.
Bxe2 f5 15. Rad1 Qh4 16. Bf3 f4 17. Bc1 Ne6 18. b4 Ng5 19. Qc3 Re7 20. Rfe1
Rae8 21. Rxe7 Rxe7 22. Bb2 Re3 23. fxe3 Nxf3+ 24. Kf1 Nh2+ 25. Ke2 Qg3 26.
exf4 Qxg2+ 27. Kd3 Nf1 28. Re1 Bxf4 29. d5 Qxh3+ 30. Kc2 Qxc3+ 31. Bxc3
Ne3+ 32. Kd3 cxd5 33. cxd5 Nxd5 34. Re8# 1-0

[Event "Najdorf Memorial"]
[Site "Warsaw POL"]
[Date "2023.07.15"]
[Round "5.24"]
[White "Szewczyk, Mariusz"]
[Black "Niezhentsev, Kyrylo"]
[Result "1/2-1/2"]
[WhiteElo "2128"]
[BlackElo "2057"]

1. e4 c5 2. Nf3 d6 3. Bb5+ Nd7 4. O-O a6 5. Bd3 Ngf6 6. Re1 e6 7. c3 b5 8.
Bc2 c4 9. a4 Bb7 10. d4 Be7 11. Nbd2 O-O 12. Nf1 e5 13. Ng3 g6 14. b4 Ne8
15. Bh6 Ng7 16. Qd2 Qc7 17. Red1 Bc6 18. d5 Bb7 19. h4 f6 20. h5 Rf7 21.
axb5 axb5 22. Rxa8+ Bxa8 23. Ra1 Qb8 24. Nh4 Nf8 25. Qe2 Bb7 26. Qe3 Bd8
27. hxg6 hxg6 28. Bd1 Bc8 29. Qc1 Bb6 30. Be3 Bd8 31. Nf3 Nh7 32. Qa3 Bb7
33. Bc2 f5 34. exf5 gxf5 35. Bh6 f4 36. Ne4 Nf5 37. Bg5 Bxd5 38. Bxd8 Qxd8
39. Rd1 Bb7 40. Nxe5 Re7 41. Ng6 Rxe4 42. Bxe4 Bxe4 43. Nxf4 Qg5 44. Qc1
Qg4 45. Qd2 Ng5 46. Kf1 Nh4 47. Qxd6 Bd3+ 48. Rxd3 cxd3 49. Qb8+ Kg7 50.
Qb7+ Nf7 51. Nxd3 Qc4 52. Qd7 Qxc3 53. Qxb5 Qa1+ 54. Ne1 Nxg2 55. Kxg2 Qxe1
56. Qb7 Qe6 57. b5 Qg4+ 58. Kh2 Qh4+ 59. Kg1 Qg4+ 60. Qg2 Qxg2+ 61. Kxg2
Nd6 62. b6 Kf7 63. f4 Ke7 64. f5 Kf6 65. b7 Nxb7 66. Kf3 Kxf5 1/2-1/2

[Event "Najdorf Memorial"]
[Site "Warsaw POL"]
[Date "2023.07.15"]
[Round "5.25"]
[White "Gorkiewicz, Mateusz"]
[Black "Smetek, Michal"]
[Result "0-1"]
[WhiteElo "2122"]
[BlackElo "1943"]

1. e4 e6 2. d4 d5 3. Nc3 dxe4 4. Nxe4 Nd7 5. Nf3 Ngf6 6. Nxf6+ Nxf6 7. c3
Be7 8. Bd3 O-O 9. O-O b6 10. h3 Bb7 11. Bf4 c5 12. dxc5 Bxc5 13. Qe2 Bd6
14. Bg5 Qc7 15. Nd4 Be7 16. Bh4 a6 17. Rad1 Nd5 18. Bg3 Qc5 19. Rfe1 Rfe8
20. Be4 Rac8 21. Be5 Bf8 22. Nb3 Qb5 23. Qxb5 axb5 24. a3 Bc5 25. Bd3 Bc6
26. Nd4 Bxd4 27. Bxd4 f6 28. f3 Kf7 29. Rc1 Red8 30. Red1 Nf4 31. Bf1 Rb8
32. Bf2 Nd5 33. h4 Ke7 34. Bd3 Nf4 35. Bf1 Nd5 36. Rd4 e5 37. Rdd1 Nf4 38.
b3 Ne6 39. Rxd8 Kxd8 40. Bd3 Nf4 41. Bf1 Ne6 42. c4 bxc4 43. Bxc4 Bd7 44.
Kf1 b5 45. Bd5 Nf4 46. Ba7 Rc8 47. Bb6+ Ke7 48. Rxc8 Bxc8 49. Bc5+ Ke8 50.
Be4 Ne6 51. Be3 h6 52. Ke2 Kd7 53. Kd3 Kd6 54. Kc3 Nc5 55. Bc2 Na6 56. Bd3
Kc6 57. Bg6 Nc7 58. Bd2 Nd5+ 59. Kd3 Kc5 60. g3 Be6 61. Be1 Kd6 62. Ke2 f5
63. b4 Nb6 64. Bd2 Nc4 65. Bc1 Ke7 66. Kd3 e4+ 67. Kd4 exf3 68. Bh5 f2 69.
Be2 f4 70. Bf1 fxg3 71. Bf4 Nd6 72. Bxg3 Nf5+ 73. Kc5 Nxg3 74. Bxb5 f1=Q
75. Bxf1 Nxf1 76. a4 Kd7 77. Kb6 g5 78. hxg5 hxg5 79. Ka7 Ne3 80. a5 Bc4
81. a6 Nd5 0-1

[Event "Najdorf Memorial"]
[Site "Warsaw POL"]
[Date "2023.07.15"]
[Round "5.26"]
[White "Markowski, Damian"]
[Black "Lasota, Adam"]
[Result "1-0"]
[WhiteElo "2104"]
[BlackElo "1927"]

1. e4 b6 2. d4 Bb7 3. Bd3 e6 4. Nf3 c5 5. c3 Nf6 6. Qe2 Be7 7. e5 Nd5 8. c4
Nc7 9. dxc5 bxc5 10. Nc3 Nc6 11. Ne4 d5 12. exd6 Bxd6 13. Bg5 Qd7 14. Bf6
Kf8 15. Qe3 h6 16. Bc3 Nb4 17. Nxc5 Bxc5 18. Qxc5+ Kg8 19. Bxb4 Qxd3 20.
Qxc7 Bxf3 21. gxf3 Qxf3 22. Rg1 Qe4+ 23. Kf1 Qd3+ 24. Kg2 Kh7 25. Qg3 Qe4+
26. f3 Qc2+ 27. Kh1 Qxb2 28. Bd6 Rhg8 29. Rab1 Qf6 30. Be5 Qg5 31. Rb7 f6
32. Qxg5 fxg5 33. c5 Kg6 34. c6 Rac8 35. c7 Kf5 36. Re1 g6 37. Rb8 h5 38.
Bd6 e5 39. Rxe5+ Kf6 40. Rxc8 Rxc8 41. Re7 h4 42. Rd7 1-0

[Event "Najdorf Memorial"]
[Site "Warsaw POL"]
[Date "2023.07.15"]
[Round "5.27"]
[White "Mickiewicz, Piotr"]
[Black "Smietanska, Wiktoria"]
[Result "1-0"]
[WhiteElo "2245"]
[BlackElo "1964"]

1. Nf3 d5 2. g3 Nf6 3. Bg2 c6 4. O-O Nbd7 5. d4 e6 6. c4 Be7 7. Nc3 dxc4 8.
a4 Qa5 9. Nd2 Qa6 10. e4 b5 11. e5 Nd5 12. Re1 Bb7 13. Ra2 Qb6 14. axb5
Nxc3 15. bxc3 cxb5 16. Nxc4 Qc7 17. Nd6+ Bxd6 18. exd6 Qb6 19. Qg4 Kf8 20.
Qh4 Bxg2 21. Qe7+ Kg8 22. Kxg2 Nf6 23. Qc7 Nd5 24. Qxb6 Nxb6 25. Ra6 Kf8
26. Ba3 Ke8 27. Bc5 Kd7 28. Rea1 Na4 29. c4 Rhc8 30. cxb5 Nxc5 31. dxc5
Rxc5 32. b6 Rb8 33. bxa7 Ra8 34. Rb1 Rc6 35. Rb8 Rxa6 36. Rxa8 Ra2 37. Rf8
Rxa7 38. Rxf7+ Kxd6 39. Rxa7 1-0